00789 2200229 4500001002100000005001700021008004100038035002500079040001200104082001500116084002000131100002200151245015500173260006200328300003200390500005200422504002500474650001200499700001800511850001200529990001800541INLIS00000000000954520150811090320.0  a0010-081500000000983 aYOPDYOG 223a612.66 aSK 612.66 Nen H aNENG Aan Aunillah aHubungan tingkat pengetahuan ibu menyusui tentang ASI eksklusif dengan pemberian ASI eksklusif di Puskesmas Wirobrajan Yogyakartac/ Neng Aan Aunillah aYogyakartabSekolah Tinggi Ilmu Kesehatan 'Aisyiyahc2008 axiii, 54 lembarc; 29,5 cm. aKarya Tulis Ilmiah Program Studi DIII Kebidanan aBibliografi: hlm. 54 aLaktasi aLUTFI Nurdian aYOPDYOG a47758-PD/A.15